000 00859nas a2200289 4500
001 BR9902838
003 BR-BrBNA
005 20231205101437.0
007 ta
008 230509b bl.|||p| |||| 00| 00por d
040 _aBR-BrBNA
_bpor
_cBiblioteca Nacional de Agricultura
041 _a(Pt)
072 _aF04
100 1 _aCaires, E.F.
100 1 _aRosolem, C.A.
245 1 _aEfeitos da calagem, cobalto e molibdenio sobre a concentracao de clorofila nas folhas de amendoim
650 _aCalagem
650 _aAmendoim
650 _aNitrogenio
650 _aClorofila
650 _aAcidez do Solo
650 _aCobalto
650 _aMolibdenio
773 0 _tRevista Brasileira de Ciencia do Solo (Brazil)
_xISSN 0100-0683
_g(Jan-Mar 1999), v. 23(1) p. 79-84
_wBR9902838
909 _a202311
_bLúcia
_c55
_dLúcia Elande
942 _2AGRIS
_n0
_cANA
999 _c161883
_d161883